|
|
|
|
| LEADER |
01411nam a2200397 a 4500 |
| 001 |
38519 |
| 003 |
BD-DhAAL |
| 005 |
20220426145844.0 |
| 008 |
220426t1974 dcua b 001 0 eng |
| 999 |
|
|
|c 44144
|d 44144
|
| 010 |
|
|
|a 74000276
|
| 020 |
|
|
|a 0815709986
|
| 020 |
|
|
|a 0815709978
|
| 035 |
|
|
|a 1811561
|
| 040 |
|
|
|a LC
|b eng
|c LC
|d ANL
|d BD-DhAAL
|
| 042 |
|
|
|a anuc
|
| 043 |
|
|
|a n-us---
|
| 050 |
0 |
0 |
|a HJ257.2
|b .E25
|
| 082 |
0 |
4 |
|a 336.73
|
| 245 |
0 |
4 |
|a The Economics of public finance;
|c essays by Alan S. Blinder... [et al.]
|
| 260 |
|
|
|a Washington :
|b Brookings Institution,
|c 1974
|
| 300 |
|
|
|a xvi, 435 pages :
|b illustrations
|c 24 cm.
|
| 490 |
1 |
|
|a Studies of government finance
|
| 504 |
|
|
|a Includes bibliographical references (p. 343-357) and index.
|
| 541 |
|
|
|a Donated by Akbar Ali Khan
|e 38519
|
| 650 |
|
0 |
|a Finance, Public
|z United States.
|9 48268
|
| 650 |
|
0 |
|a Finance, Public.
|9 48269
|
| 700 |
1 |
|
|a Blinder, Alan S.
|9 48270
|
| 700 |
1 |
|
|a Solow, Robert M.
|9 48271
|
| 700 |
1 |
|
|a Break, George F.
|9 48272
|
| 700 |
1 |
|
|a Steiner, Peter O.
|9 48273
|
| 700 |
1 |
|
|a Netzer, Dick
|9 48274
|
| 830 |
|
0 |
|a Studies of government finance.
|9 48275
|
| 852 |
|
|
|a Ayesha Abed Library
|c Akbar Ali Khan Collection
|
| 942 |
|
|
|2 ddc
|c BK
|
| 952 |
|
|
|0 0
|1 0
|2 ddc
|4 0
|6 336_730000000000000_ECO
|7 1
|9 70565
|a BRACUL
|b BRACUL
|c AAKC
|d 2022-04-26
|e Donated by Akbar Ali Khan
|l 0
|o 336.73 ECO
|p 3010038519
|r 2022-04-26
|t 1
|w 2022-04-26
|y BK
|